00601nam a22002057a 4500003001100000005001700011008004100028020001500069040003900084041000800123082001600131245003800147260004100185300002200226650001100248700002300259942000700282952009100289999001500380LK-CoMWRAF20231018085549.0231018b |||||||| |||| 00| 0 eng d a0333014642 aLK-CoMWRAFdLK-CoMWRAFeLK-CoMWRAF aeng a821.91bNIN aNine modern poets :bAn anthology aLondon :bMacmillan education,c1966 ax, 230p. ; 21 cm. aPoetry aBlack, E. L. eed. cBK 00104070aMAINbMAINd2023-10-18l0o821.91 NINpRAF2296r2023-10-18w2023-10-18yBK c3923d3923